书目信息 |
| 题名: |
木材材积累计表
|
|
| 作者: | ;林业部技术司 编 | |
| 分册: | ||
| 出版信息: | 北京 技术标准出版社 1970 |
|
| 页数: | 212页 | |
| 开本: | 19cm | |
| 丛书名: | ||
| 单 册: | ||
| 中图分类: | S758.3 | |
| 科图分类: | ||
| 主题词: | 材积表 , 森林经营 , 森林--计测学 , 森林经理 , 林业经营 | |
| 电子资源: | ||
| ISBN: | ||
| 000 | 00690nam0 2200277 45 990 | |
| 001 | 0630439878 | |
| 005 | 20060727082841.51 | |
| 010 | @dCNY0.63 | |
| 100 | @a19990127d1970 em y0chiy0121 ea | |
| 101 | 0 | @achi |
| 102 | @aCN@b110000 | |
| 105 | @ak zo 000yy | |
| 106 | @ar | |
| 200 | 10 | @a木材材积累计表@Amu cai cai ji lei ji biao@f林业部技术司编 |
| 205 | @a新1版 | |
| 210 | @a北京@c技术标准出版社@d1970 | |
| 215 | @a212页@d19cm | |
| 606 | @a材积表 | |
| 606 | 0 | @a森林经营 |
| 606 | 0 | @a森林@x计测学 |
| 606 | 0 | @a森林经理 |
| 606 | 0 | @a林业经营 |
| 690 | @aS758.3@v3 | |
| 711 | 02 | @a林业部技术司@Alin ye bu ji shu si@4编 |
| 801 | 0 | @c20060727 |
| 905 | @a10447@dS758.3@e19 | |
| 木材材积累计表/林业部技术司编 .-新1版 .-北京:技术标准出版社,1970 |
| 212页;19cm |
| ISBN :CNY0.63 |
| ● |
| 相关链接 |
|
|
|
|
正题名:木材材积累计表
索取号:S758.3/19
 
预约/预借
| 序号 | 登录号 | 条形码 | 馆藏地/架位号 | 状态 | 备注 |
| 1 | 0438695 | 204386958 | 密集书库/ [索取号:S758.3/19] | 在馆 | |
| 2 | 0438696 | 204386967 | 密集书库/ [索取号:S758.3/19] | 在馆 | |
| 3 | 0438697 | 204386976 | 密集书库/ [索取号:S758.3/19] | 在馆 |